书目信息 |
| 题名: |
实用伤口护理
|
|
| 作者: | 叶碧芳 编著 | |
| 分册: | ||
| 出版信息: | 北京 科学技术文献出版社 1999.05 |
|
| 页数: | 131页 | |
| 开本: | 16开 | |
| 丛书名: | ||
| 单 册: | ||
| 中图分类: | R473.6 | |
| 科图分类: | ||
| 主题词: | 护理学 | |
| 电子资源: | ||
| ISBN: | 7-5023-3273-1 | |
| 000 | 00546nam0 2200193 45 | |
| 001 | 0005091048 | |
| 005 | 20000509105456.7 | |
| 010 | @a7-5023-3273-1@d17.00元 | |
| 100 | @a20000509d1999 km y0chiy0120 ea | |
| 101 | 0 | @achi |
| 105 | @a z 000yy | |
| 200 | 1 | @a实用伤口护理@AShi Yong Shang Kou Hu Li@f叶碧芳编著@FYe Bi Fang Bian Zhu |
| 210 | @a北京@c科学技术文献出版社@d1999.05 | |
| 215 | @a131页@d16开 | |
| 606 | 0 | @a护理学 |
| 690 | @aR473.6@v3 | |
| 701 | 0 | @a叶碧芳@4编著 |
| 801 | @aCN@bPftUser@c20000509 | |
| 905 | @b300885-886@dR473.6@eY235@f2 | |
| 实用伤口护理/叶碧芳编著.-北京:科学技术文献出版社,1999.05 |
| 131页;16开 |
| ISBN 7-5023-3273-1:17.00元 |
| ● |
| 相关链接 |
|
|
|
正题名:实用伤口护理
索取号:R473.6/Y235
 
预约/预借
| 序号 | 登录号 | 条形码 | 馆藏地/架位号 | 状态 | 备注 |
| 1 | 300885 | 203008850 | 自科库401/401自科库 17排4列1层/ [索取号:R473.6/Y235] | 在馆 | |
| 2 | 300886 | 203008869 | 自科库401/401自科库 17排4列1层/ [索取号:R473.6/Y235] | 在馆 |